Statistics for Metal and Hardrock albums of 1986

Click here to take the quiz!

General Stats

  • This quiz has been taken 97 times
    (88 since last reset)
  • The average score is 37 of 100

Answer Stats

HintAnswer% Correct
3Somewhere In TimeIron Maiden
96%
4Reign In BloodSlayer
96%
27Master Of PuppetsMetallica
94%
6Who Made WhoAC/DC
86%
25The Final CountdownEurope
86%
19TurboJudas Priest
82%
40Peace Sells... But Who's Buying?Megadeth
80%
29OrgasmatronMotorhead
78%
2Russian RouletteAccept
76%
83Slippery When WetBon Jovi
76%
1Pleasure To KillKreator
76%
31The Ultimate SinOzzy Osbourne
69%
625150Van Halen
65%
89Look What The Cat Dragged InPoison
63%
21Eine Kleine NachtmusikVenom
63%
15Seventh StarBlack Sabbath
61%
84Crimson GloryCrimson Glory
61%
22Inside The Electric CircusW.A.S.P.
61%
50Epicus Doomicus MetallicusCandlemass
59%
34Eternal DevastationDestruction
59%
41Fatal PortraitKing Diamond
59%
58Mekong DeltaMekong Delta
57%
38Beyond The GatesPossessed
57%
44Obsessed By CrueltySodom
57%
46Morbid VisionsSepultura
55%
66Vinnie Vincent InvasionVinnie Vincent Invasion
55%
55ConstrictorAlice Cooper
53%
30Darkness DescendsDark Angel
53%
85Demon (EP)Demon
53%
43Rage For OrderQueensryche
53%
90To Hell With The DevilStryper
53%
100CarnivoreCarnivore
51%
32RrröööaaarrrVoivod
51%
61The DarkMetal Church
47%
45Game OverNuclear Assault
47%
42Rock The NationsSaxon
47%
37Zombie AttackTankard
47%
51TrilogyYngwie J. Malmsteen
47%
8Dancing UndercoverRatt
45%
14Doomsday For The DeceiverFlotsam And Jetsam
43%
94Night SongsCinderella
41%
24IntermissionDio
41%
67QR IIIQuiet Riot
39%
39Fight For The RockSavatage
37%
5Mad Locust RisingAgent Steel
35%
59Fifth AngelFifth Angel
35%
33Change Of AddressKrokus
35%
18The Pack Is BackRaven
35%
96Live ?!*@ Like A Suicide (EP)Guns N' Roses
33%
47True As SteelWarlock
33%
88Eat 'Em And SmileDavid Lee Roth
29%
26The ForceOnslaught
29%
13Reign Of FearRage
29%
54Unveiling The WickedExciter
27%
82Awaken The GuardianFates Warning
27%
10One Foot In HellCirith Ungol
24%
36Possessed By FireExumer
24%
7The DelugeManilla Road
24%
28Mechanical ResonanceTesla
24%
71Remnants Of WarHelstar
22%
48Malicious IntentRazor
22%
9Little Miss DangerousTed Nugent
22%
63Trick Or TreatFastway
20%
49The CurseOmen
20%
80MetalizedSword
20%
16The Final SeparationBulldozer
18%
57Nightmare At Maple CrossGirlschool
18%
97Every Story Needs Another PicturePicture
18%
73Into The Future (EP)Satan
18%
69Riders Of Doom (aka Satan's Gift)Deathrow
16%
17War GamesGrave Digger
16%
64Death & InsanityHallows Eve
16%
74The Final FrontierKeel
16%
20Stay UglyPiledriver
16%
60Comin' Out FightingSinner
16%
79Stronger Than HeavenStormwitch
16%
11Larmes de HèrosSortilege
14%
12Heavier Than ThouThe Rods
14%
81Queen Of SiamHoly Moses
12%
76Mayhemic DestructionMortal Sin
12%
93Torment In FireSacrifice
12%
70Nasty NastyBlack 'N Blue
10%
56ConvictedCryptic Slaughter
10%
86Recognize No AuthorityDetente
10%
35Shot In The DarkGreat White
10%
72Torture Knows No Boundaries (EP)Heretic
10%
95Winds Of WarIron Angel
10%
98Strike BackSteeler
10%
52The Only Safe PlaceAbattoir
8%
53Dangerous GamesAlcatrazz
8%
65Ordered To KillAt War
8%
75Life Of DreamsCrumbsuckers
8%
23Nightmare TheatreExorcist
8%
78If We Had Brains... We'd Be Dangerous!Impaler
8%
77Depths Of DeathSentinel Beast
8%
91In America (EP)Britny Fox
6%
92Under The SpellHexx
6%
68Hate, Fear & PowerHirax
6%
99Rise UpPersian Risk
4%
87Joint ForcesSamson
4%

Score Distribution

Percentile by Number Answered

Percent of People with Each Score

Your Score History

You have not taken this quiz since the last reset